انچاس دن / (Record no. 106286)

MARC details
000 -LEADER
fixed length control field 00757nam a22002537a 4500
005 - DATE AND TIME OF LATEST TRANSACTION
control field 20170123162306.0
010 ## - LIBRARY OF CONGRESS CONTROL NUMBER
LC control number B-209425
020 ## - INTERNATIONAL STANDARD BOOK NUMBER
Terms of availability 00.00
035 ## - SYSTEM CONTROL NUMBER
System control number B-209425
037 ## - SOURCE OF ACQUISITION
Source of stock number/acquisition Cen Lib/Ret
040 ## - CATALOGING SOURCE
Original cataloging agency DPL
Language of cataloging UR
082 ## - DEWEY DECIMAL CLASSIFICATION NUMBER
Classification number ن
Item number ا م ر
100 ## - MAIN ENTRY--PERSONAL NAME
Personal name امرتا پریتم
9 (RLIN) 433
245 ## - TITLE STATEMENT
Title انچاس دن /
Statement of responsibility, etc امرتا پریتم
246 ## - VARYING FORM OF TITLE
Title proper/short title Unchaas din /
Remainder of title by Amrita Pritam
260 ## - PUBLICATION, DISTRIBUTION, ETC. (IMPRINT)
Place of publication, distribution, etc نیی دہلی
Name of publisher, distributor, etc تناظر
270 ## - ADDRESS
City نیی دہلی
Address 24-D, پککٹ ٣ میر وہر فیز-١
Postal code 110011
300 ## - PHYSICAL DESCRIPTION
Extent 182p.
Dimensions 21cm(pbk)
650 ## - SUBJECT ADDED ENTRY--TOPICAL TERM
Topical term or geographic name as entry element اردو ادب
9 (RLIN) 109855
650 ## - SUBJECT ADDED ENTRY--TOPICAL TERM
Topical term or geographic name as entry element اردو ناول
9 (RLIN) 547
650 ## - SUBJECT ADDED ENTRY--TOPICAL TERM
Topical term or geographic name as entry element Urdu literature
9 (RLIN) 109856
650 ## - SUBJECT ADDED ENTRY--TOPICAL TERM
Topical term or geographic name as entry element Urdu novel
9 (RLIN) 109857
942 ## - ADDED ENTRY ELEMENTS (KOHA)
Source of classification or shelving scheme Dewey Decimal Classification
Koha item type Urdu Bks
Classification part ن
Call number suffix ا م ر
Holdings
Withdrawn status Lost status Damaged status Not for loan Home library Current library Date acquired Source of acquisition Cost, normal purchase price Total Checkouts Full call number Barcode Date last seen Copy number Cost, replacement price Price effective from Koha item type
        Central Library Central Library 17/12/2015 Cen Lib/Ret 0.00   ن ا م ر B-209425 17/12/2015 1 0.00 17/12/2015 Urdu Bks

© Delhi Public Library
Hit Counter
free hit counter